| 000 | 00487nam a2200169Ia 4500 | ||
|---|---|---|---|
| 999 |
_c14034 _d14034 |
||
| 003 | OSt | ||
| 005 | 20201028120019.0 | ||
| 008 | 190216s9999||||xx |||||||||||||| ||und|| | ||
| 040 | _coclc | ||
| 082 |
_a889.332 _bKAZ/Z |
||
| 100 |
_aKazantzakis, Nikos _96143 |
||
| 245 | 0 |
_aZorba The Greek / _cNikos Kazantzakis |
|
| 260 |
_bFaber And Faber, _c1961. _aLondon: |
||
| 300 | _a315p | ||
| 650 | _aEnglish Literature | ||
| 942 |
_cBK _2ddc _h889.332 _iKAZ/Z _k889.332 _mKAZ/Z |
||